[Event "Stay Safe Play From Home 411"]
[Site "Emanuel Lasker Arena"]
[Date "2020.08.26"]
[Round "1"]
[White "Mepe_Nika"]
[Black "NTBT_DHS"]
[Result "0-1"]
[WhiteElo "2395"]
[BlackElo "2569"]
[PlyCount "76"]
[EventDate "2020.08.26"]
[EventType "swiss (blitz)"]

1. d4 {[%emt 0:00:01]} Nf6 {[%emt 0:00:01]} 2. Nf3 {[%emt 0:00:00]} g6 {[%emt 0:00:00]} 3. c4 {[%emt 0:00:01]} Bg7 {[%emt 0:00:00]} 4. Nc3 {[%emt 0:00:00]} O-O {[%emt 0:00:00]} 5. e3 {[%emt 0:00:00]} d6 {[%emt 0:00:00]} 6. Be2 {[%emt 0:00:01]} Nc6 {[%emt 0:00:01]} 7. d5 {[%emt 0:00:00]} Nb4 {[%emt 0:00:02]} 8. O-O {[%emt 0:00:01]} a5 {[%emt 0:00:02]} 9. a3 {[%emt 0:00:01]} Na6 {[%emt 0:00:00]} 10. b3 {[%emt 0:00:02]} Ne4 {[%emt 0:00:02]} 11. Nxe4 {[%emt 0:00:01]} Bxa1 {[%emt 0:00:00]} 12. h4 {[%emt 0:00:03]} Bf5 {[%emt 0:00:02]} 13. Ng3 {[%emt 0:00:01]} Bg4 {[%emt 0:00:00]} 14. h5 {[%emt 0:00:01]} Nc5 {[%emt 0:00:01]} 15. Nd4 {[%emt 0:00:02]} Bxe2 {[%emt 0:00:01]} 16. Ngxe2 {[%emt 0:00:00]} e5 {[%emt 0:00:04]} 17. dxe6 {[%emt 0:00:01]} Nxe6 {[%emt 0:00:01]} 18. Qc2 {[%emt 0:00:07]} Bxd4 {[%emt 0:00:02]} 19. exd4 {[%emt 0:00:03]} Qf6 {[%emt 0:00:01]} 20. Bb2 {[%emt 0:00:01]} Nf4 {[%emt 0:00:07]} 21. Ng3 {[%emt 0:00:05]} Rae8 {[%emt 0:00:05]} 22. d5 {[%emt 0:00:01]} Qg5 {[%emt 0:00:00]} 23. Qc3 {[%emt 0:00:02]} Re5 {[%emt 0:00:01]} 24. Qf3 {[%emt 0:00:02]} Re7 {[%emt 0:00:02]} 25. Qc3 {[%emt 0:00:01]} f6 {[%emt 0:00:01]} 26. hxg6 {[%emt 0:00:02]} hxg6 {[%emt 0:00:00]} 27. Qf3 {[%emt 0:00:01]} Rfe8 {[%emt 0:00:01]} 28. Bc3 {[%emt 0:00:01]} Kf7 {[%emt 0:00:02]} 29. Bxa5 {[%emt 0:00:01]} b6 {[%emt 0:00:01]} 30. Bd2 {[%emt 0:00:00]} Nh3+ {[%emt 0:00:02]} 31. gxh3 {[%emt 0:00:02]} Qxd2 {[%emt 0:00:00]} 32. Kg2 {[%emt 0:00:00]} Re1 {[%emt 0:00:02]} 33. h4 {[%emt 0:00:01]} Rxf1 {[%emt 0:00:01]} 34. Nxf1 {[%emt 0:00:01]} Qh6 {[%emt 0:00:01]} 35. Qg4 {[%emt 0:00:03]} f5 {[%emt 0:00:01]} 36. Qh3 {[%emt 0:00:02]} Re4 {[%emt 0:00:01]} 37. Ng3 {[%emt 0:00:01]} Rxh4 {[%emt 0:00:01]} 38. Nxf5 {[%emt 0:00:01]} Rxh3 {[%emt 0:00:01] Mepe_Nika resigns Mepe_Nika resigns Mepe_Nika resigns (Lag: Av=0.63s, max=1.1s) (Lag: Av=0.63s, max=1.1s) (Lag: Av=0.63s, max=1.1s)} 0-1

[Event "Stay Safe Play From Home 411"]
[Site "Emanuel Lasker Arena"]
[Date "2020.08.26"]
[Round "1"]
[White "IceQueen"]
[Black "Stefanone"]
[Result "1-0"]
[WhiteElo "2317"]
[BlackElo "2099"]
[PlyCount "33"]
[EventDate "2020.08.26"]
[EventType "swiss (blitz)"]

1. e4 {[%emt 0:00:01]} e6 {[%emt 0:00:01]} 2. Nc3 {[%emt 0:00:00]} d5 {[%emt 0:00:00]} 3. Nf3 {[%emt 0:00:00]} c6 {[%emt 0:00:01]} 4. d4 {[%emt 0:00:01]} f5 {[%emt 0:00:01]} 5. exf5 {[%emt 0:00:01]} exf5 {[%emt 0:00:00]} 6. Bf4 {[%emt 0:00:01]} Nf6 {[%emt 0:00:00]} 7. Ne5 {[%emt 0:00:00]} Ne4 {[%emt 0:00:00]} 8. f3 {[%emt 0:00:01]} Qh4+ {[%emt 0:00:01]} 9. g3 {[%emt 0:00:01]} Qe7 {[%emt 0:00:01]} 10. fxe4 {[%emt 0:00:01]} fxe4 {[%emt 0:00:01]} 11. Be2 {[%emt 0:00:01]} Nd7 {[%emt 0:00:01]} 12. O-O {[%emt 0:00:01]} Nxe5 {[%emt 0:00:01]} 13. Bxe5 {[%emt 0:00:00]} Be6 {[%emt 0:00:00]} 14. Bh5+ {[%emt 0:00:01]} g6 {[%emt 0:00:01]} 15. Bxh8 {[%emt 0:00:01]} gxh5 {[%emt 0:00:01]} 16. Bf6 {[%emt 0:00:01]} Qd7 {[%emt 0:00:01]} 17. Qxh5+ {[%emt 0:00:02] Stefanone abbandona (Lag: Av=0.40s, max=0.7s)} 1-0

[Event "Stay Safe Play From Home 411"]
[Site "Emanuel Lasker Arena"]
[Date "2020.08.26"]
[Round "1"]
[White "Nguyen Hong Anh"]
[Black "Hickey"]
[Result "0-1"]
[WhiteElo "2287"]
[BlackElo "2284"]
[PlyCount "138"]
[EventDate "2020.08.26"]
[EventType "swiss (blitz)"]

1. d4 {[%emt 0:00:01]} Nf6 {[%emt 0:00:01]} 2. c4 {[%emt 0:00:00]} e6 {[%emt 0:00:00]} 3. Nf3 {[%emt 0:00:01]} b6 {[%emt 0:00:00]} 4. g3 {[%emt 0:00:00]} Ba6 {[%emt 0:00:00]} 5. Qc2 {[%emt 0:00:01]} Bb7 {[%emt 0:00:03]} 6. Bg2 {[%emt 0:00:01]} c5 {[%emt 0:00:00]} 7. dxc5 {[%emt 0:00:02]} Bxc5 {[%emt 0:00:02]} 8. O-O {[%emt 0:00:00]} O-O {[%emt 0:00:00]} 9. a3 {[%emt 0:00:01]} Nc6 {[%emt 0:00:01]} 10. b4 {[%emt 0:00:01]} Be7 {[%emt 0:00:00]} 11. Bb2 {[%emt 0:00:01]} Rc8 {[%emt 0:00:01]} 12. Nc3 {[%emt 0:00:01]} Qc7 {[%emt 0:00:00]} 13. Rfe1 {[%emt 0:00:01]} a6 {[%emt 0:00:02]} 14. Rac1 {[%emt 0:00:01]} Rfd8 {[%emt 0:00:02]} 15. Qb1 {[%emt 0:00:01]} Qb8 {[%emt 0:00:00]} 16. Red1 {[%emt 0:00:01]} d6 {[%emt 0:00:01]} 17. e3 {[%emt 0:00:01]} Nd7 {[%emt 0:00:02]} 18. Nd4 {[%emt 0:00:01]} Nxd4 {[%emt 0:00:01]} 19. Rxd4 {[%emt 0:00:02]} Ne5 {[%emt 0:00:02]} 20. Ne4 {[%emt 0:00:02]} Qa8 {[%emt 0:00:04]} 21. Rcd1 {[%emt 0:00:03]} f5 {[%emt 0:00:03]} 22. f4 {[%emt 0:00:03]} Ng4 {[%emt 0:00:04]} 23. Nxd6 {[%emt 0:00:03]} Bxd6 {[%emt 0:00:01]} 24. Bxb7 {[%emt 0:00:02]} Qxb7 {[%emt 0:00:01]} 25. Rxd6 {[%emt 0:00:01]} Rxd6 {[%emt 0:00:05]} 26. Rxd6 {[%emt 0:00:01]} Nxe3 {[%emt 0:00:00]} 27. Rd2 {[%emt 0:00:01]} Nxc4 {[%emt 0:00:01]} 28. Re2 {[%emt 0:00:02]} Nxb2 {[%emt 0:00:02]} 29. Qxb2 {[%emt 0:00:01]} Qd5 {[%emt 0:00:00]} 30. Qd2 {[%emt 0:00:02]} Qxd2 {[%emt 0:00:02]} 31. Rxd2 {[%emt 0:00:00]} Rc6 {[%emt 0:00:02]} 32. Kf2 {[%emt 0:00:01]} Kf7 {[%emt 0:00:00]} 33. Ke3 {[%emt 0:00:01]} Kf6 {[%emt 0:00:00]} 34. Rd3 {[%emt 0:00:00]} Rc4 {[%emt 0:00:02]} 35. h3 {[%emt 0:00:01]} a5 {[%emt 0:00:01]} 36. bxa5 {[%emt 0:00:01]} bxa5 {[%emt 0:00:00]} 37. Rb3 {[%emt 0:00:01]} Ra4 {[%emt 0:00:01]} 38. Kd3 {[%emt 0:00:01]} h6 {[%emt 0:00:01]} 39. Ke3 {[%emt 0:00:01]} g5 {[%emt 0:00:00]} 40. fxg5+ {[%emt 0:00:02]} hxg5 {[%emt 0:00:00]} 41. Kf3 {[%emt 0:00:00]} Re4 {[%emt 0:00:00]} 42. g4 {[%emt 0:00:01]} a4 {[%emt 0:00:00]} 43. Rc3 {[%emt 0:00:01]} Rf4+ {[%emt 0:00:00]} 44. Kg3 {[%emt 0:00:01]} fxg4 {[%emt 0:00:00]} 45. hxg4 {[%emt 0:00:00]} Ke5 {[%emt 0:00:00]} 46. Rc5+ {[%emt 0:00:01]} Kf6 {[%emt 0:00:00]} 47. Ra5 {[%emt 0:00:01]} Rd4 {[%emt 0:00:00]} 48. Ra6 {[%emt 0:00:01]} Rd3+ {[%emt 0:00:00]} 49. Kg2 {[%emt 0:00:00]} Rxa3 {[%emt 0:00:00]} 50. Kf2 {[%emt 0:00:00]} Ra1 {[%emt 0:00:00]} 51. Ra5 {[%emt 0:00:00]} a3 {[%emt 0:00:00]} 52. Kg2 {[%emt 0:00:01]} e5 {[%emt 0:00:01]} 53. Kf2 {[%emt 0:00:00]} Ke7 {[%emt 0:00:00]} 54. Ke3 {[%emt 0:00:01]} Kd6 {[%emt 0:00:00]} 55. Ke4 {[%emt 0:00:00]} Kc6 {[%emt 0:00:00]} 56. Kf5 {[%emt 0:00:00]} a2 {[%emt 0:00:00]} 57. Kxg5 {[%emt 0:00:02]} e4 {[%emt 0:00:00]} 58. Ra8 {[%emt 0:00:01]} e3 {[%emt 0:00:01]} 59. Kf4 {[%emt 0:00:00]} e2 {[%emt 0:00:00]} 60. Rxa2 {[%emt 0:00:00]} e1=Q {[%emt 0:00:00]} 61. Rc2+ {[%emt 0:00:01]} Kb6 {[%emt 0:00:01]} 62. Rg2 {[%emt 0:00:00]} Ka6 {[%emt 0:00:00]} 63. g5 {[%emt 0:00:01]} Qe8 {[%emt 0:00:00]} 64. g6 {[%emt 0:00:00]} Qg8 {[%emt 0:00:00]} 65. Kg5 {[%emt 0:00:01]} Ra4 {[%emt 0:00:00]} 66. Kf6 {[%emt 0:00:00]} Ra5 {[%emt 0:00:00]} 67. g7 {[%emt 0:00:00]} Rb5 {[%emt 0:00:00]} 68. Kg6 {[%emt 0:00:00]} Rb6+ {[%emt 0:00:00]} 69. Kh5 {[%emt 0:00:01] . . .} Rb7 {[%emt 0:00:00]} 0-1

[Event "Stay Safe Play From Home 411"]
[Site "Emanuel Lasker Arena"]
[Date "2020.08.26"]
[Round "1"]
[White "Lamborghini"]
[Black "Mamba2001de"]
[Result "1-0"]
[WhiteElo "2234"]
[BlackElo "1461"]
[Annotator "NA"]
[PlyCount "85"]
[EventDate "2020.08.26"]
[EventType "swiss (blitz)"]

1. e4 {[%emt 0:00:05]} e6 {[%emt 0:00:00]} 2. d4 {[%emt 0:00:01]} d5 {[%emt 0:00:01]} 3. Nc3 {[%emt 0:00:00]} dxe4 {[%emt 0:00:01]} 4. Nxe4 {[%emt 0:00:00]} Nd7 {[%emt 0:00:00]} 5. Nf3 {[%emt 0:00:01]} Ngf6 {[%emt 0:00:00]} 6. Bd3 {[%emt 0:00:01]} Be7 {[%emt 0:00:01]} 7. Qe2 {[%emt 0:00:01]} O-O {[%emt 0:00:01]} 8. Bg5 {[%emt 0:00:01]} b6 {[%emt 0:00:01]} 9. Nxf6+ {[%emt 0:00:02]} Nxf6 {[%emt 0:00:01]} 10. Bxf6 {[%emt 0:00:01]} Bxf6 {[%emt 0:00:01]} 11. Qe4 {[%emt 0:00:01]} g6 {[%emt 0:00:02]} 12. Qxa8 {[%emt 0:00:01]} Bd7 {[%emt 0:00:00]} 13. Qxd8 {[%emt 0:00:01]} Rxd8 {[%emt 0:00:01]} 14. O-O-O {[%emt 0:00:00]} Bc6 {[%emt 0:00:01]} 15. Ne5 {[%emt 0:00:01]} Bd5 {[%emt 0:00:01]} 16. f3 {[%emt 0:00:02]} c5 {[%emt 0:00:01]} 17. c3 {[%emt 0:00:01]} c4 {[%emt 0:00:01]} 18. Nxc4 {[%emt 0:00:02]} Rc8 {[%emt 0:00:02]} 19. Ne3 {[%emt 0:00:01]} Bxa2 {[%emt 0:00:02]} 20. Kd2 {[%emt 0:00:01]} b5 {[%emt 0:00:02]} 21. Ra1 {[%emt 0:00:01]} Bc4 {[%emt 0:00:02]} 22. Bxc4 {[%emt 0:00:02]} bxc4 {[%emt 0:00:01]} 23. Rxa7 {[%emt 0:00:01]} Kg7 {[%emt 0:00:01]} 24. Ng4 {[%emt 0:00:02]} Rb8 {[%emt 0:00:05]} 25. Kc2 {[%emt 0:00:02]} Rc8 {[%emt 0:00:01]} 26. Re1 {[%emt 0:00:01]} Rb8 {[%emt 0:00:03]} 27. Rxe6 {[%emt 0:00:02]} Bh4 {[%emt 0:00:04]} 28. Ne5 {[%emt 0:00:01]} Bf6 {[%emt 0:00:03]} 29. Rxf6 {[%emt 0:00:02]} Kxf6 {[%emt 0:00:01]} 30. Nd7+ {[%emt 0:00:01]} Kg5 {[%emt 0:00:02]} 31. Nxb8 {[%emt 0:00:00]} Kf4 {[%emt 0:00:00]} 32. Rxf7+ {[%emt 0:00:02]} Ke3 {[%emt 0:00:00]} 33. Rxh7 {[%emt 0:00:00]} Kf2 {[%emt 0:00:01]} 34. Rc7 {[%emt 0:00:00]} Kxg2 {[%emt 0:00:01]} 35. Rxc4 {[%emt 0:00:00]} Kxf3 {[%emt 0:00:00]} 36. d5 {[%emt 0:00:01]} g5 {[%emt 0:00:00]} 37. d6 {[%emt 0:00:00]} g4 {[%emt 0:00:00]} 38. Rf4+ {[%emt 0:00:01]} Kg2 {[%emt 0:00:01]} 39. d7 {[%emt 0:00:00]} Kxh2 {[%emt 0:00:00]} 40. Rxg4 {[%emt 0:00:01]} Kh3 {[%emt 0:00:01]} 41. Rg7 {[%emt 0:00:00]} Kh4 {[%emt 0:00:01]} 42. d8=Q+ {[%emt 0:00:00]} Kh5 {[%emt 0:00:00]} 43. Qh8# {[%emt 0:00:01] (Lag: Av=0.36s, max=0.8s) (Lag: Av=0.36s, max=0.8s) (Lag: Av=0.36s, max=0.8s)} 1-0

[Event "Stay Safe Play From Home 411"]
[Site "Emanuel Lasker Arena"]
[Date "2020.08.26"]
[Round "1"]
[White "TheCHESSHOUSE"]
[Black "Tran Minh Thang"]
[Result "1-0"]
[WhiteElo "2047"]
[BlackElo "2431"]
[PlyCount "111"]
[EventDate "2020.08.26"]
[EventType "swiss (blitz)"]

1. d4 {[%emt 0:00:02]} Nf6 {[%emt 0:00:27]} 2. c4 {[%emt 0:00:01]} e6 {[%emt 0:00:00]} 3. Nc3 {[%emt 0:00:04]} Bb4 {[%emt 0:00:01]} 4. Bd2 {[%emt 0:00:01]} O-O {[%emt 0:00:01]} 5. Nf3 {[%emt 0:00:01]} b6 {[%emt 0:00:00]} 6. g3 {[%emt 0:00:01]} Bb7 {[%emt 0:00:00]} 7. Bg2 {[%emt 0:00:00]} Bxc3 {[%emt 0:00:01]} 8. Bxc3 {[%emt 0:00:01]} Ne4 {[%emt 0:00:00]} 9. Qc2 {[%emt 0:00:01]} Nxc3 {[%emt 0:00:01]} 10. bxc3 {[%emt 0:00:01]} Be4 {[%emt 0:00:00]} 11. Qxe4 {[%emt 0:00:01]} d5 {[%emt 0:00:00]} 12. cxd5 {[%emt 0:00:01]} exd5 {[%emt 0:00:00]} 13. Qd3 {[%emt 0:00:01]} c6 {[%emt 0:00:01]} 14. O-O {[%emt 0:00:01]} Qd6 {[%emt 0:00:00]} 15. Rac1 {[%emt 0:00:06]} Nd7 {[%emt 0:00:01]} 16. c4 {[%emt 0:00:01]} dxc4 {[%emt 0:00:01]} 17. Qxc4 {[%emt 0:00:01]} Rfe8 {[%emt 0:00:00]} 18. e3 {[%emt 0:00:01]} Rac8 {[%emt 0:00:01]} 19. Rfd1 {[%emt 0:00:02]} Nf6 {[%emt 0:00:03]} 20. Ne5 {[%emt 0:00:01]} Rc7 {[%emt 0:00:03]} 21. Bxc6 {[%emt 0:00:02]} Rec8 {[%emt 0:00:01]} 22. Qb5 {[%emt 0:00:01]} h6 {[%emt 0:00:01]} 23. Kg2 {[%emt 0:00:08]} Ne4 {[%emt 0:00:07]} 24. Bxe4 {[%emt 0:00:05]} Rxc1 {[%emt 0:00:00]} 25. Rxc1 {[%emt 0:00:00]} Rxc1 {[%emt 0:00:01]} 26. Qe8+ {[%emt 0:00:01]} Qf8 {[%emt 0:00:00]} 27. Qd7 {[%emt 0:00:02]} Rc8 {[%emt 0:00:02]} 28. Qf5 {[%emt 0:00:01]} g6 {[%emt 0:00:01]} 29. Qf6 {[%emt 0:00:01]} Qg7 {[%emt 0:00:01]} 30. Qe7 {[%emt 0:00:01]} Rf8 {[%emt 0:00:01]} 31. Qd7 {[%emt 0:00:01]} Kh7 {[%emt 0:00:00]} 32. Qxa7 {[%emt 0:00:01]} f5 {[%emt 0:00:00]} 33. Bf3 {[%emt 0:00:01]} Qxa7 {[%emt 0:00:01]} 34. Nc6 {[%emt 0:00:01]} Qg7 {[%emt 0:00:00]} 35. Ne5 {[%emt 0:00:00]} g5 {[%emt 0:00:00]} 36. h4 {[%emt 0:00:00]} g4 {[%emt 0:00:00]} 37. Be2 {[%emt 0:00:00]} f4 {[%emt 0:00:00]} 38. Bd3+ {[%emt 0:00:00]} Kh8 {[%emt 0:00:00]} 39. exf4 {[%emt 0:00:00]} Rf7 {[%emt 0:00:01]} 40. Ng6+ {[%emt 0:00:00]} Qxg6 {[%emt 0:00:01]} 41. Bxg6 {[%emt 0:00:00]} Rd7 {[%emt 0:00:00]} 42. Bh5 {[%emt 0:00:00]} Rxd4 {[%emt 0:00:00]} 43. Bxg4 {[%emt 0:00:00]} Rc4 {[%emt 0:00:00]} 44. a4 {[%emt 0:00:00]} Rc2 {[%emt 0:00:00]} 45. Bd7 {[%emt 0:00:00]} Rc4 {[%emt 0:00:00]} 46. Bb5 {[%emt 0:00:00]} Rb4 {[%emt 0:00:00]} 47. Kf3 {[%emt 0:00:00]} Rb2 {[%emt 0:00:00]} 48. Kg4 {[%emt 0:00:00]} Kg7 {[%emt 0:00:00]} 49. f3 {[%emt 0:00:01]} Rb4 {[%emt 0:00:00]} 50. Kh5 {[%emt 0:00:01]} Rd4 {[%emt 0:00:00]} 51. Kg4 {[%emt 0:00:00]} Rd5 {[%emt 0:00:00]} 52. Kh3 {[%emt 0:00:00]} Rc5 {[%emt 0:00:00]} 53. f5 {[%emt 0:00:00]} h5 {[%emt 0:00:00]} 54. f6+ {[%emt 0:00:00]} Kxf6 {[%emt 0:00:00]} 55. g4 {[%emt 0:00:00]} Rc3 {[%emt 0:00:00]} 56. g5+ {[%emt 0:00:00] Time Time Time (Lag: Av=0.99s, max=1.8s) (Lag: Av=0.99s, max=1.8s) (Lag: Av=0.99s, max=1.8s)} 1-0

[Event "Stay Safe Play From Home 411"]
[Site "Emanuel Lasker Arena"]
[Date "2020.08.26"]
[Round "1"]
[White "Dreamsoldier"]
[Black "Fat Kevin"]
[Result "0-1"]
[WhiteElo "1266"]
[BlackElo "2007"]
[PlyCount "92"]
[EventDate "2020.08.26"]
[EventType "swiss (blitz)"]

1. e4 {[%emt 0:00:01]} c5 {[%emt 0:00:00]} 2. Nf3 {[%emt 0:00:01]} Nf6 {[%emt 0:00:00]} 3. Nc3 {[%emt 0:00:00]} d5 {[%emt 0:00:01]} 4. Bc4 {[%emt 0:00:00]} dxc4 {[%emt 0:00:01]} 5. O-O {[%emt 0:00:01]} Nc6 {[%emt 0:00:00]} 6. d3 {[%emt 0:00:00]} cxd3 {[%emt 0:00:02]} 7. cxd3 {[%emt 0:00:00]} e5 {[%emt 0:00:00]} 8. Bg5 {[%emt 0:00:02]} Bg4 {[%emt 0:00:00]} 9. h3 {[%emt 0:00:01]} Bh5 {[%emt 0:00:01]} 10. g4 {[%emt 0:00:01]} Bg6 {[%emt 0:00:01]} 11. Nd5 {[%emt 0:00:00]} Be7 {[%emt 0:00:01]} 12. Nxe7 {[%emt 0:00:01]} Qxe7 {[%emt 0:00:01]} 13. Qb3 {[%emt 0:00:01]} O-O {[%emt 0:00:01]} 14. Kg2 {[%emt 0:00:01]} Nd4 {[%emt 0:00:03]} 15. Nxd4 {[%emt 0:00:01]} cxd4 {[%emt 0:00:00]} 16. f4 {[%emt 0:00:02]} h6 {[%emt 0:00:01]} 17. Bh4 {[%emt 0:00:01]} Bh7 {[%emt 0:00:04]} 18. fxe5 {[%emt 0:00:02]} Qxe5 {[%emt 0:00:00]} 19. Rf5 {[%emt 0:00:01]} Qe6 {[%emt 0:00:02]} 20. Bxf6 {[%emt 0:00:02]} gxf6 {[%emt 0:00:00]} 21. Qxb7 {[%emt 0:00:03]} Rab8 {[%emt 0:00:01]} 22. Qd5 {[%emt 0:00:02]} Rxb2+ {[%emt 0:00:00]} 23. Kg3 {[%emt 0:00:01]} Qa6 {[%emt 0:00:03]} 24. Raf1 {[%emt 0:00:05]} Bxf5 {[%emt 0:00:03]} 25. Qxf5 {[%emt 0:00:03]} Qxd3+ {[%emt 0:00:01]} 26. Rf3 {[%emt 0:00:01]} Qa6 {[%emt 0:00:03]} 27. Qf4 {[%emt 0:00:02]} Kg7 {[%emt 0:00:03]} 28. e5 {[%emt 0:00:03]} fxe5 {[%emt 0:00:02]} 29. Qxe5+ {[%emt 0:00:01]} f6 {[%emt 0:00:01]} 30. Qe7+ {[%emt 0:00:01]} Rf7 {[%emt 0:00:01]} 31. Qe4 {[%emt 0:00:00]} Qd6+ {[%emt 0:00:01]} 32. Kh4 {[%emt 0:00:01]} d3 {[%emt 0:00:01]} 33. Rxd3 {[%emt 0:00:02]} Qh2 {[%emt 0:00:02]} 34. Qf5 {[%emt 0:00:02]} Qf2+ {[%emt 0:00:01]} 35. Qxf2 {[%emt 0:00:01]} Rxf2 {[%emt 0:00:00]} 36. Rd6 {[%emt 0:00:01]} Rxa2 {[%emt 0:00:00]} 37. Rd4 {[%emt 0:00:02]} f5 {[%emt 0:00:01]} 38. Kh5 {[%emt 0:00:00]} fxg4 {[%emt 0:00:01]} 39. hxg4 {[%emt 0:00:00]} Ra5+ {[%emt 0:00:01]} 40. Kh4 {[%emt 0:00:02]} Rg5 {[%emt 0:00:00]} 41. Rd6 {[%emt 0:00:00]} a5 {[%emt 0:00:01]} 42. Ra6 {[%emt 0:00:01]} Rf4 {[%emt 0:00:02]} 43. Kg3 {[%emt 0:00:01]} Rfxg4+ {[%emt 0:00:01]} 44. Kf3 {[%emt 0:00:00]} Rb4 {[%emt 0:00:00]} 45. Kf2 {[%emt 0:00:00]} Rb6 {[%emt 0:00:01]} 46. Kf3 {[%emt 0:00:00]} Rxa6 {[%emt 0:00:01] Dreamsoldier terk eder Dreamsoldier terk eder Dreamsoldier terk eder (Lag: Av=0.47s, max=1.6s) (Lag: Av=0.47s, max=1.6s) (Lag: Av=0.47s, max=1.6s)} 0-1

[Event "Stay Safe Play From Home 411"]
[Site "Emanuel Lasker Arena"]
[Date "2020.08.26"]
[Round "2"]
[White "NTBT_DHS"]
[Black "Lamborghini"]
[Result "1-0"]
[WhiteElo "2578"]
[BlackElo "2234"]
[PlyCount "61"]
[EventDate "2020.08.26"]
[EventType "swiss (blitz)"]

1. d4 {[%emt 0:00:01]} Nf6 {[%emt 0:00:01]} 2. c4 {[%emt 0:00:00]} g6 {[%emt 0:00:00]} 3. Nf3 {[%emt 0:00:00]} Bg7 {[%emt 0:00:00]} 4. g3 {[%emt 0:00:00]} O-O {[%emt 0:00:00]} 5. Bg2 {[%emt 0:00:00]} d6 {[%emt 0:00:00]} 6. O-O {[%emt 0:00:00]} c6 {[%emt 0:00:00]} 7. Nc3 {[%emt 0:00:00]} Qa5 {[%emt 0:00:00]} 8. e4 {[%emt 0:00:01]} Bg4 {[%emt 0:00:01]} 9. h3 {[%emt 0:00:01]} Bxf3 {[%emt 0:00:01]} 10. Bxf3 {[%emt 0:00:00]} Nfd7 {[%emt 0:00:00]} 11. Be3 {[%emt 0:00:01]} c5 {[%emt 0:00:00]} 12. d5 {[%emt 0:00:01]} a6 {[%emt 0:00:02]} 13. Bg2 {[%emt 0:00:02]} b5 {[%emt 0:00:01]} 14. Qe2 {[%emt 0:00:01]} bxc4 {[%emt 0:00:01]} 15. f4 {[%emt 0:00:02]} Nb6 {[%emt 0:00:03]} 16. e5 {[%emt 0:00:02]} Na4 {[%emt 0:00:01]} 17. Ne4 {[%emt 0:00:03]} c3 {[%emt 0:00:02]} 18. b3 {[%emt 0:00:03]} Nb6 {[%emt 0:00:02]} 19. exd6 {[%emt 0:00:01]} exd6 {[%emt 0:00:01]} 20. Nxd6 {[%emt 0:00:01]} N8d7 {[%emt 0:00:01]} 21. Qd3 {[%emt 0:00:04]} Qb4 {[%emt 0:00:02]} 22. Nc4 {[%emt 0:00:02]} Nxc4 {[%emt 0:00:01]} 23. bxc4 {[%emt 0:00:00]} Bd4 {[%emt 0:00:02]} 24. a3 {[%emt 0:00:02]} Bxe3+ {[%emt 0:00:03]} 25. Kh2 {[%emt 0:00:00]} Qxc4 {[%emt 0:00:00]} 26. Qxc4 {[%emt 0:00:01]} Nf6 {[%emt 0:00:02]} 27. Qxc3 {[%emt 0:00:01]} Bd4 {[%emt 0:00:00]} 28. Qc4 {[%emt 0:00:01]} Rad8 {[%emt 0:00:01]} 29. Rad1 {[%emt 0:00:01]} Ne8 {[%emt 0:00:00]} 30. Rxd4 {[%emt 0:00:01]} Nd6 {[%emt 0:00:00]} 31. Qxc5 {[%emt 0:00:01] Lamborghini gibt auf Lamborghini gibt auf Lamborghini gibt auf (Lag: Av=0.47s, max=0.8s) (Lag: Av=0.47s, max=0.8s) (Lag: Av=0.47s, max=0.8s)} 1-0

[Event "Stay Safe Play From Home 411"]
[Site "Emanuel Lasker Arena"]
[Date "2020.08.26"]
[Round "2"]
[White "Broken sword"]
[Black "Nguyen Hong Anh"]
[Result "0-1"]
[WhiteElo "2437"]
[BlackElo "2270"]
[PlyCount "64"]
[EventDate "2020.08.26"]
[EventType "swiss (blitz)"]

1. e4 {[%emt 0:00:00]} c5 {[%emt 0:00:03]} 2. Nf3 {[%emt 0:00:01]} Nc6 {[%emt 0:00:01]} 3. d4 {[%emt 0:00:00]} cxd4 {[%emt 0:00:01]} 4. Nxd4 {[%emt 0:00:00]} g6 {[%emt 0:00:00]} 5. Nc3 {[%emt 0:00:01]} Bg7 {[%emt 0:00:02]} 6. Be3 {[%emt 0:00:00]} Nf6 {[%emt 0:00:00]} 7. Bc4 {[%emt 0:00:01]} O-O {[%emt 0:00:01]} 8. Bb3 {[%emt 0:00:00]} d6 {[%emt 0:00:01]} 9. f3 {[%emt 0:00:01]} Bd7 {[%emt 0:00:01]} 10. Qd2 {[%emt 0:00:01]} Rc8 {[%emt 0:00:00]} 11. O-O-O {[%emt 0:00:01]} Ne5 {[%emt 0:00:00]} 12. Kb1 {[%emt 0:00:01]} h5 {[%emt 0:00:02]} 13. h3 {[%emt 0:00:01]} Nc4 {[%emt 0:00:02]} 14. Bxc4 {[%emt 0:00:01]} Rxc4 {[%emt 0:00:00]} 15. g4 {[%emt 0:00:01]} h4 {[%emt 0:00:02]} 16. Nb3 {[%emt 0:00:02]} b5 {[%emt 0:00:02]} 17. Bg5 {[%emt 0:00:01]} b4 {[%emt 0:00:01]} 18. Ne2 {[%emt 0:00:01]} a5 {[%emt 0:00:01]} 19. Bxh4 {[%emt 0:00:00]} a4 {[%emt 0:00:01]} 20. Nbc1 {[%emt 0:00:00]} Qa5 {[%emt 0:00:02]} 21. e5 {[%emt 0:00:07]} Qxe5 {[%emt 0:00:02]} 22. Bg3 {[%emt 0:00:00]} Qc5 {[%emt 0:00:01]} 23. Nf4 {[%emt 0:00:06]} Rc8 {[%emt 0:00:02]} 24. Nfd3 {[%emt 0:00:01]} Qb5 {[%emt 0:00:01]} 25. Rh2 {[%emt 0:00:03]} Be6 {[%emt 0:00:02]} 26. Qe1 {[%emt 0:00:04]} Bd5 {[%emt 0:00:01]} 27. Rf2 {[%emt 0:00:01]} e5 {[%emt 0:00:02]} 28. Bh2 {[%emt 0:00:01]} e4 {[%emt 0:00:01]} 29. Nf4 {[%emt 0:00:03]} Bb7 {[%emt 0:00:02]} 30. g5 {[%emt 0:00:02]} Nd7 {[%emt 0:00:02]} 31. fxe4 {[%emt 0:00:02]} Rxe4 {[%emt 0:00:01]} 32. Rdd2 {[%emt 0:00:00]} Rxe1 {[%emt 0:00:01] Broken sword resigns Broken sword resigns Broken sword resigns (Lag: Av=0.98s, max=2.4s) (Lag: Av=0.98s, max=2.4s) (Lag: Av=0.98s, max=2.4s)} 0-1

[Event "Stay Safe Play From Home 411"]
[Site "Emanuel Lasker Arena"]
[Date "2020.08.26"]
[Round "2"]
[White "Tran Minh Thang"]
[Black "KING o KONG"]
[Result "1-0"]
[WhiteElo "2401"]
[BlackElo "961"]
[PlyCount "57"]
[EventDate "2020.08.26"]
[EventType "swiss (blitz)"]

1. Nf3 {[%emt 0:00:04]} e6 {[%emt 0:00:12]} 2. b3 {[%emt 0:00:10]} d6 {[%emt 0:00:01]} 3. Bb2 {[%emt 0:00:00]} Be7 {[%emt 0:00:01]} 4. e3 {[%emt 0:00:00]} Bd7 {[%emt 0:00:01]} 5. Bxg7 {[%emt 0:00:01]} Nf6 {[%emt 0:00:04]} 6. Bxh8 {[%emt 0:00:01]} Bc6 {[%emt 0:00:01]} 7. Bxf6 {[%emt 0:00:01]} Bxf6 {[%emt 0:00:01]} 8. d4 {[%emt 0:00:00]} Qe7 {[%emt 0:00:02]} 9. Nbd2 {[%emt 0:00:01]} Nd7 {[%emt 0:00:01]} 10. Bd3 {[%emt 0:00:00]} O-O-O {[%emt 0:00:01]} 11. c4 {[%emt 0:00:00]} b5 {[%emt 0:00:04]} 12. cxb5 {[%emt 0:00:01]} Bxb5 {[%emt 0:00:01]} 13. Bxb5 {[%emt 0:00:01]} c6 {[%emt 0:00:01]} 14. Bxc6 {[%emt 0:00:00]} Kc7 {[%emt 0:00:04]} 15. Rc1 {[%emt 0:00:01]} Rc8 {[%emt 0:00:01]} 16. Qe2 {[%emt 0:00:02]} Kd8 {[%emt 0:00:02]} 17. O-O {[%emt 0:00:01]} Nb6 {[%emt 0:00:01]} 18. Ne4 {[%emt 0:00:01]} Bxd4 {[%emt 0:00:01]} 19. Ng3 {[%emt 0:00:01]} d5 {[%emt 0:00:01]} 20. Nxd4 {[%emt 0:00:01]} e5 {[%emt 0:00:01]} 21. Ngf5 {[%emt 0:00:01]} Qf6 {[%emt 0:00:03]} 22. Bb7 {[%emt 0:00:06]} Rxc1 {[%emt 0:00:02]} 23. Rxc1 {[%emt 0:00:00]} exd4 {[%emt 0:00:01]} 24. exd4 {[%emt 0:00:01]} Qxf5 {[%emt 0:00:01]} 25. Ba6 {[%emt 0:00:04]} Kd7 {[%emt 0:00:03]} 26. Qb5+ {[%emt 0:00:01]} Kd6 {[%emt 0:00:01]} 27. Rc6+ {[%emt 0:00:02]} Ke7 {[%emt 0:00:02]} 28. Qc5+ {[%emt 0:00:00]} Kd7 {[%emt 0:00:04]} 29. Rc7+ {[%emt 0:00:00] TimeB TimeB TimeB} 1-0